American foreign policy since world war II (Record no. 62530)
[ view plain ]
| 000 -LEADER | |
|---|---|
| fixed length control field | 00535nam a22001937a 4500 |
| 003 - CONTROL NUMBER IDENTIFIER | |
| control field | NUST - PNEC |
| 005 - DATE AND TIME OF LATEST TRANSACTION | |
| control field | 20170116180750.0 |
| 008 - FIXED-LENGTH DATA ELEMENTS--GENERAL INFORMATION | |
| fixed length control field | 150309b xxu||||| |||| 00| 0 eng d |
| 020 ## - INTERNATIONAL STANDARD BOOK NUMBER | |
| International Standard Book Number | 0030619025 |
| 040 ## - CATALOGING SOURCE | |
| Transcribing agency | LIBRARY |
| 082 ## - DEWEY DECIMAL CLASSIFICATION NUMBER | |
| Classification number | 327.73 SPA |
| 100 ## - MAIN ENTRY--PERSONAL NAME | |
| 9 (RLIN) | 1665 |
| Personal name | Spanier John |
| 245 ## - TITLE STATEMENT | |
| Title | American foreign policy since world war II |
| Statement of responsibility, etc. | John Spanier |
| 250 ## - EDITION STATEMENT | |
| Edition statement | 9th ed |
| 260 ## - PUBLICATION, DISTRIBUTION, ETC. | |
| Place of publication, distribution, etc. | New York |
| Name of publisher, distributor, etc. | Holt, Rinehart and Winston |
| Date of publication, distribution, etc. | c1945. |
| 300 ## - PHYSICAL DESCRIPTION | |
| Extent | 324 p. : |
| 650 ## - SUBJECT ADDED ENTRY--TOPICAL TERM | |
| 9 (RLIN) | 1675 |
| Topical term or geographic name entry element | international relations |
| General subdivision | General |
| 942 ## - ADDED ENTRY ELEMENTS (KOHA) | |
| Source of classification or shelving scheme | |
| Koha item type | Book |
| Withdrawn status | Lost status | Source of classification or shelving scheme | Damaged status | Not for loan | Permanent Location | Current Location | Shelving location | Date acquired | Source of acquisition | Cost, normal purchase price | Total Checkouts | Full call number | Barcode | Date last seen | Cost, replacement price | Price effective from | Koha item type |
|---|---|---|---|---|---|---|---|---|---|---|---|---|---|---|---|---|---|
| Pakistan Navy Engineering College (PNEC) | Pakistan Navy Engineering College (PNEC) | 06/14/1984 | Royal Book Company | 320.00 | 327.73 SPA | PNECLIB-006168 | 03/09/2015 | 320.00 | 06/14/1984 | Book |
